000 00763nam a2200241 a 4500
999 _c1257
_d1257
001 1257
003 BD-JhCC
005 20171017135537.0
008 171017s1995 bena|||| ||a| 000 0 ben d
020 _a9840740105
035 _a(BD-JhCC)1257
040 _aBD-JhCC
_dBD-JhCC
041 _aben
082 _a327
_bKAR 1995
100 _aকার, ই. এইচ.
245 _aদুই বিশ্বযু্দ্ধের অন্তর্বর্তীকালে /
_cই. এইচ. কার
260 _aঢাকা :
_bবাংলা একাডেমী প্রকাশনী,
_c১৯৯৫.
300 _a307p. :
_bill. ;
_c23 cm.
650 _aInternational Relation
650 _aWorld Politics
942 _2ddc
_cBK